[Event "Florence op 6th"]
[Site "Florence"]
[Date "2012.11.01"]
[Round "2"]
[White "Pavan, Federico"]
[Black "Lantschner, Alexander"]
[Result "1/2-1/2"]
[WhiteElo "1696"]
[BlackElo "1650"]
[PlyCount "64"]
[EventDate "2012.11.01"]
[EventType "swiss"]
[EventRounds "7"]
[EventCountry "ITA"]
[SourceTitle "EXT 2014"]
[Source "ChessBase"]
[SourceDate "2013.11.20"]
[SourceVersion "1"]
[SourceVersionDate "2013.11.20"]
[SourceQuality "1"]

1. c4 e5 2. Nc3 Bc5 3. g3 Nf6 4. Bg2 c6 5. e3 d6 6. d4 exd4 7. exd4 Bb4 8. Bd2 0-0 9. Nge2 d5 10. cxd5 Bxc3 11. bxc3 Nxd5 12. 0-0 h6 13. Nf4 Nxf4 14. Bxf4 Be6 15. Qh5 Nd7 16. Rfe1 Nf6 17. Qd1 Bd5 18. Bxd5 Nxd5 19. Bd2 b5 20. Qg4 Nf6 21. Qf3 Qd5 22. Qf4 Qd7 23. Re5 Qh3 24. Qh4 Qxh4 25. gxh4 Nd5 26. Rae1 a5 27. a3 a4 28. Kf1 Rac8 29. h3 f5 30. f4 Kh7 31. Kf2 Rf6 32. Re6 Rcf8 1/2-1/2